La ciudadela (Registro nro. 85398)
[ vista simple ]
| 000 -ENCABEZADO | |
|---|---|
| Número de control [NR] | 00995nam a22002897a 4500 |
| 008 - DE LONGITUD FIJA DE DATOS DE ELEMENTOS - INFORMACIÓN GENERAL | |
| Elementos de longitud fija [NR] | 130821s1945 ag gr spa |
| 040 ## - FUENTE DE CATALOGACION [NR] | |
| Agencia de catalogación original [NR] | Co-BoUCM |
| Idioma de catalogación [NR] | spa |
| 041 00 - CODIGO DE IDIOMA [R] | |
| Código de idioma para texto/pista de sonido o título separado [R] | Español |
| 092 ## - SIGNATURA TOPOGRAFICA LOCAL | |
| Número de clasificación local | FN 000023 12a. ed |
| 100 ## - ASIENTO PRINCIPAL--NOMBRE PERSONAL [NR] | |
| Nombre personal [NR] | Cronin, Archibaldo Jose |
| Fechas asociadas con el nombre [NR] | 1896-1981 |
| ID Autoridad | 149554 |
| 245 03 - MENCION DE TITULO [NR] | |
| Título [NR] | La ciudadela |
| Parte restante del título [NR] | El drama de los médicos y de la medicina |
| Mención de responsabilidad, etc. [NR] | Archibaldo J. Cronin, traducción de la edición inglesa por Enrique Pepe |
| 250 ## - MENCION DE EDICION [NR] | |
| Mención de edición [NR] | 12a. ed |
| 260 ## - PUBLICACION, DISTRIBUCION, ETC. (PIE DE IMPRENTA) [R] | |
| Lugar de publicación, distribución, etc. [R] | Buenos Aires (Argentina) |
| Nombre del editor, distribuidor, etc. [R] | Editorial Claridad |
| Fecha de publicación, distribución, etc. [R] | 1945 |
| 300 ## - DESCRIPCION FISICA [R] | |
| Extensión [R] | 414 páginas |
| 490 ## - MENCION DE SERIE [R] | |
| Mención de serie [R] | Biblioteca de Obras Famosas; v.29 |
| 500 ## - NOTA GENERAL [R] | |
| Nota general [NR] | Este libro se encuentra en el depósito de la biblioteca |
| 650 04 - ASIENTO SECUNDARIO DE MATERIA - TERMINO TEMATICO [R] | |
| Término temático o nombre geográfico como elemento de entrada [NR] | Literatura inglesa |
| 9 (RLIN) | 272 |
| 650 04 - ASIENTO SECUNDARIO DE MATERIA - TERMINO TEMATICO [R] | |
| Término temático o nombre geográfico como elemento de entrada [NR] | Medicina |
| 9 (RLIN) | 7820 |
| 650 04 - ASIENTO SECUNDARIO DE MATERIA - TERMINO TEMATICO [R] | |
| Término temático o nombre geográfico como elemento de entrada [NR] | Medicina |
| Subdivisión de forma [R] | Novela |
| 9 (RLIN) | 225 |
| 650 04 - ASIENTO SECUNDARIO DE MATERIA - TERMINO TEMATICO [R] | |
| Término temático o nombre geográfico como elemento de entrada [NR] | Médicos |
| 9 (RLIN) | 19211 |
| 650 04 - ASIENTO SECUNDARIO DE MATERIA - TERMINO TEMATICO [R] | |
| Término temático o nombre geográfico como elemento de entrada [NR] | Médicos |
| Subdivisión de forma [R] | Novela |
| 9 (RLIN) | 19211 |
| 650 04 - ASIENTO SECUNDARIO DE MATERIA - TERMINO TEMATICO [R] | |
| Término temático o nombre geográfico como elemento de entrada [NR] | Novela inglesa |
| 9 (RLIN) | 20530 |
| 650 04 - ASIENTO SECUNDARIO DE MATERIA - TERMINO TEMATICO [R] | |
| Término temático o nombre geográfico como elemento de entrada [NR] | Novela |
| 9 (RLIN) | 7878 |
| 700 ## - ASIENTO SECUNDARIO - NOMBRE PERSONAL [R] | |
| Nombre personal [NR] | Pepe, Enrique. |
| Término de relación [R] | |
| 9 (RLIN) | 170768 |
| 765 ## - ASIENTO DE IDIOMA ORIGINAL [R] | |
| Título [NR] | The citadel |
| 942 ## - ELEMENTOS DE ENTRADA AGREGADOS (KOHA) | |
| Tipo de ítem principal el descrito en 300a | Libro |
| Tema principal | [No clasificado] |
| Edición | 1 |
| Título oculto en OPAC | No |
| Signatura topográfica | Código de barras | Última vez visto | Volúmen / Fascículo | Ejemplar | Price effective from | Tipo de ítem | Nota pública (OPAC) | Perdido | Sistema de clasificación | Dañado | No prestable | Tipo de ítem específico | Suprimido | Ubicación habitual | Ubicación actual | Localización | Fecha de creación | Forma de adquisición | Costo |
|---|---|---|---|---|---|---|---|---|---|---|---|---|---|---|---|---|---|---|---|
| ~ | 120055334 | 04/12/2025 | FN 000023 12a. Ed. | Ej.1 | 03/02/2013 | Libro | Galería de donantes | LOCAL | Libro | Claustro | Claustro | Procesos Técnicos | 28/02/2003 | Donación | 10000.00 |